Nouvelles lectures de Nietzsche (Record no. 114234)

MARC details
000 -LEADER
campo de control de longitud fija 00864nam a2200217 i 4500
001 - NÚMERO DE CONTROL
campo de control 114234
003 - IDENTIFICADOR DE NÚMERO DE CONTROL
campo de control ES-MaACL
005 - FECHA Y HORA DE LA ÚLTIMA TRANSACCIÓN
campo de control 20230906190116.0
007 - CAMPO FIJO DE DESCRIPCIÓN FÍSICA--INFORMACIÓN GENERAL
campo de control de longitud fija t|
008 - DATOS DE LONGITUD FIJA--INFORMACIÓN GENERAL
campo de control de longitud fija 061121s1985 sz r ||||1| spa d
245 00 - MENCIÓN DEL TÍTULO
Título Nouvelles lectures de Nietzsche
Resto del título : á l'occasion du centième anniversaire de ls composition d'ainsi parlait Zarathoustra /
Mención de responsabilidad, etc. Eric Blondel [et. al.] ; textes recueillis par Dominique Janicaud.
260 ## - PUBLICACIÓN, DISTRIBUCIÓN, ETC.
Lugar de publicación, distribución, etc. Lausanne :
Nombre del editor, distribuidor, etc. L'Age d'Homme,
Fecha de publicación, distribución, etc. 1985.
300 ## - DESCRIPCIÓN FÍSICA
Extensión 167 p. ;
Dimensiones 23 cm.
490 1# - MENCIÓN DE SERIE
Mención de serie Cahiers l'age d'homme ;
Designación de volumen o secuencia 1
600 14 - PUNTO DE ACCESO ADICIONAL DE MATERIA--NOMBRE DE PERSONA
Nombre de persona Nietzsche, Friedrich,
Fechas asociadas al nombre 1844-1900.
Título de la obra Así habló Zaratustra-
Subdivisión general Crítica e interpretación
9 (RLIN) 85722
700 1# - ENTRADA AGREGADA--NOMBRE PERSONAL
Nombre de persona Blondel, Eric.
9 (RLIN) 29545
700 1# - ENTRADA AGREGADA--NOMBRE PERSONAL
Nombre de persona Janicaud, Dominique.
9 (RLIN) 66020
830 0# - PUNTO DE ACCESO ADICIONAL DE SERIE-TÍTULO UNIFORME
Título uniforme Cahiers l'age d'homme ;
Designación de volumen o secuencia 1
9 (RLIN) 226402
852 ## - LOCALIZACIÓN
Ubicación ES-MaACL
Número de control de estantería L-11654
Sublocalización o colección R.113512
Holdings
Estatus retirado Estado de pérdida Estado de daño No para préstamo Biblioteca de origen Biblioteca actual Ubicación en estantería Fecha de adquisición Fuente de adquisición Total de préstamos Signatura topográfica completa Código de barras Visto por última vez Precio de reemplazo Tipo de ítem Koha
        Biblioteca del Ateneo de Madrid Biblioteca del Ateneo de Madrid Depósito 2 17/01/2008     L-11654 1119134 23/02/2023 23/02/2023 Libro impreso